书目信息 |
| 题名: |
朝鲜李朝实录中的中国史料
|
|
| 作者: | 吴晗 辑 | |
| 分册: | 三 | |
| 出版信息: | 北京 中华书局 1980 |
|
| 页数: | 825-1264页 | |
| 开本: | 20cm | |
| 丛书名: | ||
| 单 册: | ||
| 中图分类: | K312.34 | |
| 科图分类: | ||
| 主题词: | 东亚--历史 | |
| 电子资源: | ||
| ISBN: | ||
| 000 | 00598nam0 2200217 45 | |
| 001 | 0180003156 | |
| 005 | 20060407110250.06 | |
| 010 | @dCNY18.70 | |
| 091 | @a11018.155 | |
| 100 | @a19960215d1980 em y0chiy0121 ea | |
| 101 | 0 | @achi |
| 102 | @aCN@b110000 | |
| 105 | @ay z 000yy | |
| 200 | 10 | @a朝鲜李朝实录中的中国史料@Achao xian li chao shi lu zhong de zhong guo shi liao@h三@f吴晗辑@Fwu han ji |
| 210 | @a北京@c中华书局@d1980 | |
| 215 | @a825-1264页@d20cm | |
| 606 | 0 | @a东亚@x历史 |
| 690 | @aK312.34@v4 | |
| 701 | 0 | @a吴晗@Awu han@4辑 |
| 801 | 0 | @aCN@bNLC@c20060407 |
| 905 | @dK312.34@e1:3 | |
| 朝鲜李朝实录中的中国史料.三/吴晗辑.-北京:中华书局,1980 |
| 825-1264页;20cm |
| ISBN :CNY18.70 |
| ● |
| 相关链接 |
|
|
|
|
正题名:朝鲜李朝实录中的中国史料
索取号:K312.34/1:3
 
预约/预借
| 序号 | 登录号 | 条形码 | 馆藏地/架位号 | 状态 | 备注 |
| 1 | 0033023 | 000358482 | 密集书库/ [索取号:K312.34/1:3] | 在馆 | |
| 2 | 0057449 | 001921914 | 密集书库/ [索取号:K312.34/1:3] | 在馆 |